Statistics for Flags Of The British Overseas Territories

Click here to take the quiz!

General Stats

  • This quiz has been taken 28 times
  • The average score is 11 of 15

Answer Stats

Answer% Correct
Bermuda
100%
British Virgin Islands
96%
Falkland Islands
93%
Pitcairn Islands
85%
St. Helena
81%
Anguilla
81%
South Georgia and the South Sandwich Islands
81%
Montserrat
78%
Turks and Caicos Islands
70%
Tristan Da Cunha
67%
British Indian Ocean Territory
67%
Ascension Island
59%
British Antarctic Territory
59%
Cayman Islands
56%
Akrotiri and Dhekelia
44%

Score Distribution

Percentile by Number Answered

Percent of People with Each Score

Your Score History

You have not taken this quiz